Principles of unit operations (Record no. 3850)

000 -LEADER
fixed length control field 00624nam a2200241 i 4500
001 - CONTROL NUMBER
control field 3850
003 - CONTROL NUMBER IDENTIFIER
control field BD-DhUET
008 - FIXED-LENGTH DATA ELEMENTS--GENERAL INFORMATION
fixed length control field 780815s1980 nyua b 001 0 eng
020 ## - INTERNATIONAL STANDARD BOOK NUMBER
International Standard Book Number 0471047872
040 ## - CATALOGING SOURCE
Original cataloging agency DLC
Transcribing agency DLC
Modifying agency BD-DhUET
082 00 - DEWEY DECIMAL CLASSIFICATION NUMBER
Classification number 660.28
Item number FOU/1980
100 ## - MAIN ENTRY--PERSONAL NAME
Personal name Foust, Alan S.
245 10 - TITLE STATEMENT
Title Principles of unit operations
250 ## - EDITION STATEMENT
Edition statement 2nd ed.
260 ## - PUBLICATION, DISTRIBUTION, ETC. (IMPRINT)
Place of publication, distribution, etc. New York
Name of publisher, distributor, etc. John Wiley & Sons
Date of publication, distribution, etc. 1980
300 ## - PHYSICAL DESCRIPTION
Extent xiv, 768 p.
Other physical details ill .
Dimensions 29 cm.
504 ## - BIBLIOGRAPHY, ETC. NOTE
Bibliography, etc Includes bibliographies
650 #0 - SUBJECT ADDED ENTRY--TOPICAL TERM
Topical term or geographic name as entry element Chemical processes
700 ## - ADDED ENTRY--PERSONAL NAME
Personal name Wenzel, Leonard A.
700 ## - ADDED ENTRY--PERSONAL NAME
Personal name Clump, Curtis W.
700 ## - ADDED ENTRY--PERSONAL NAME
Personal name Maus, Louis
942 ## - ADDED ENTRY ELEMENTS (KOHA)
Koha item type General Book
Holdings
Lost status Damaged status Koha full call number Date acquired Koha issues (times borrowed) Koha normalized classification for sorting Copy number Source of classification or shelving scheme Koha item type Withdrawn status Piece designation (barcode) Shelving location Koha date last seen Koha date last borrowed Location (home branch) Not for loan Sublocation or collection (holding branch) Price effective from
  660.28/FOU/19802014-11-06 660_280000000000000_FOU_19801 General Book 90139Circulation section2014-11-06 Central Library, BUET Central Library, BUET2014-11-06
  660.28/FOU/19802014-11-06 660_280000000000000_FOU_19802 General Book 90140Circulation section2014-11-06 Central Library, BUET Central Library, BUET2014-11-06
  660.28/FOU/19802015-03-283660_280000000000000_FOU_19803 General Book 78475Circulation section2025-02-232023-09-16Central Library, BUET Central Library, BUET2015-03-28
  660.28/FOU/19802015-03-28 660_280000000000000_FOU_19804 General Book 78473Circulation section2015-03-28 Central Library, BUET Central Library, BUET2015-03-28
  660.28/FOU/19802015-03-281660_280000000000000_FOU_19805 General Book 78474Circulation section2019-02-132018-11-06Central Library, BUET Central Library, BUET2015-03-28
  660.28/FOU/19802015-05-181660_280000000000000_FOU_19806 General Book 78472Circulation section2018-03-112018-01-16Central Library, BUET Central Library, BUET2015-05-18
  660.28/FOU/19802015-06-30 660_280000000000000_FOU_19809 Reading Item 68734Reading section2015-06-30 Central Library, BUET Central Library, BUET2015-06-30